A ras del suelo

Gespeichert in:
Bibliographische Detailangaben
1. Verfasser: González, Luisa
Format: Buch
Sprache:Undetermined
Veröffentlicht: San José, Costa Rica Editorial Costa Rica 1984
Schlagworte:
Tags: Tag hinzufügen
Keine Tags, Fügen Sie den ersten Tag hinzu!

MARC

LEADER 00000nam a2200000Ia 4500
008 170316s9999 xx 000 0 und d
040 |a cru BVZT 
090 |a 868 G-13a 
100 |a González, Luisa 
245 2 |a A ras del suelo 
260 |a San José, Costa Rica 
260 |b Editorial Costa Rica 
260 |c 1984 
300 |a 153 páginas 
650 |a LITERATURA COSTARRICENSE 
650 |a NOVELA 
999 |c 11071  |d 11071 
942 |c 15 D  |h 868 G-13a  |2 z